International Space Station Countries - Statistics

General Stats
  • This quiz has been taken 1,044 times
  • The average score is 13 of 15
Answer Stats
Countries % Correct
USA
99%
Russia
98%
United Kingdom
96%
France
95%
Canada
94%
Germany
92%
Japan
91%
Spain
88%
Italy
87%
Sweden
79%
Norway
76%
Belgium
71%
Netherlands
71%
Denmark
67%
Switzerland
66%
No matching quizzes found
Score Distribution
Percent of People with Each Score
Percentile by Number Answered
Your Score History
You have not taken this quiz